| 000 | 00494nam a2200157 4500 | ||
|---|---|---|---|
| 001 | 121670 | ||
| 003 | ES-MaACL | ||
| 005 | 20230906191810.0 | ||
| 007 | t| | ||
| 008 | 070214s1935 cu r ||||1| spa d | ||
| 100 | 1 |
_aPortell Vilá, Herminio. _993218 |
|
| 245 | 1 | 3 |
_aEl convenio de no intervención de Montevideo y la intervención norteamericana en Cuba / _cHerminio Portell Vilá. |
| 260 |
_aLa Habana : _bMolina y Cia, _c1935. |
||
| 300 |
_a28 p. ; _c19 cm. |
||
| 852 |
_aES-MaACL _j1800-F-5 |
||
| 999 |
_c121670 _d121670 |
||